000
00332nam a22001457a 4500
008
210301b ||||| |||| 00| 0 eng d
020
_a
308670059588g
041
_a
eng
080
_a
338
082
_a
338
100
_a
53
101
_a
MEN
245
_a
An MBO Approach to Long-Range Planning
_c
Migliore, R. H
942
_2
udc
_c
BK
999
_c
55333
_d
55333